| 000 | 00486nam a2200157 4500 | ||
|---|---|---|---|
| 001 | 136698 | ||
| 003 | ES-MaACL | ||
| 005 | 20230906195214.0 | ||
| 007 | t| | ||
| 008 | 070214s1947 sp r ||||1| spa d | ||
| 100 | 1 |
_aSala Roca, Enrique. _9101672 |
|
| 245 | 1 | 3 |
_aLa ganaderĂa catalana y la batalla de los piensos / _cpor Enrique Sala Roca. |
| 260 |
_aGerona : _b[s. n.], _c1947 ( _fImp. `Solidaridad Nacional`) |
||
| 300 |
_a44 p. ; _c22 cm. |
||
| 852 |
_aES-MaACL _j1580-F-14 _bR.24079 |
||
| 999 |
_c136698 _d136698 |
||